000 00761cam a2200241 i 4500
001 116468
005 20230411085615.0
008 140729s2010 sp a 000 0 spa
020 _a9788447534579
041 0 _aSpa
050 1 4 _aTR 267
_bC313c 2010
100 1 _aCarrasco, Jorge
245 1 0 _aCine y televisión digital :
_bmanual técnico /
_cJorge Carrasco
260 _aBarcelona :
_bPublicacions i edicions de la Universitat de Barcelona,
_c2010
300 _a398 p.:
_bill. ;
_c24 cm
440 0 _aLiber web, comunicación activa 6, comunicación activa, cine
650 4 _aCinematografia (Técnica)
650 0 _aTelevisioń digital
650 0 _aImage Processing
650 4 _aProcesamiento de imagenes.
942 _2lcc
_cbk
946 _adpf
999 _c104582
_d104582